Дослідницькі студії "Апокрисиса" Христофора Філалета (Запис № 463954)

МАРК-запис
000 -Лідер
fixed length control field 00750naa a2200205 4500
001 - Контрольний номер
control field 216219759
003 - Ідентифікатор контрольного номера
control field UA-OsUOA
005 - Дата та час останнього входження (трансакції)
control field 20201201112810.0
008 - Елементи даних фіксованої довжини – загальна інформація
fixed length control field 201201b un ||||| |||| 00| 0 ukr d
040 ## - Джерело каталогізації
Агенція оригінальної каталогізації UA-OsUOA
Мова каталогізації ukr
Агенція, яка здійснювала перезапис UA-OsUOA
Агенція, яка здійснювала модифікацію UA-OsUOA
041 ## - Код мови
Код мови тексту/ звукової доріжки чи окремого заголовка (П) ukr
080 ## - Індекс Універсальної десяткової класифікації
Індекс Універсальної десяткової класифікації (УДК) (НП) 908
090 ## - Локальний шифр розміщення
Класифікаційний індекс УДК 908
100 ## - Основне введення – ім’я особи
Ім’я особи (НП) Бондарчук В. О.
245 ## - Відомості про назву
Назва (НП) Дослідницькі студії "Апокрисиса" Христофора Філалета
Дані про відповідальність (НП) В. О. Бондарчук
300 ## - Фізичний опис
Обсяг С. 74–84
650 ## - Додаткове предметне введення – тематичний термін
Джерело заголовка чи терміна UDC
773 0# - Введення хост-одиниці (П)
Бібліонома 388702
Host Itemnumber 411905
Місце, видавець та дата видання (НП) Острог НаУОА 2011
Інший ідентифікатор одиниці опису 143445
Назва (НП) Наукові записки. Серія "Історичне релігієзнавство"
Контрольний номер запису (П) (UA-OsUOA) 102531
Міжнародний стандартний книжковий номер (ISBN) 966-7631-79-6
942 ## - Додаткові елементи входу (Коха)
Source of classification or shelving scheme Universal Decimal Classification
Тип елемента Koha Складова частина документа

Немає доступних примірників.